书目信息 |
| 题名: |
我的教育梦
|
|
| 作者: | 段云成 著 | |
| 分册: | ||
| 出版信息: | 北京 光明日报出版社 2016 |
|
| 页数: | 11,251页 | |
| 开本: | 24cm | |
| 丛书名: | 名师名校名校长书系 | |
| 单 册: | ||
| 中图分类: | G635.16-53 | |
| 科图分类: | ||
| 主题词: | 中学--班主任工作--文集 | |
| 电子资源: | ||
| ISBN: | 978-7-5194-0197-9 | |
| 000 | 01068oam2 2200265 450 | |
| 001 | 012001002905 | |
| 005 | 20131024141616.0 | |
| 010 | @a978-7-5194-0197-9@dCNY36.00 | |
| 100 | @a20181129d2016 em y0chiy50 ea | |
| 101 | 0 | @achi |
| 102 | @aCN@b110000 | |
| 105 | @ay z 000yy | |
| 106 | @ar | |
| 200 | 1 | @a我的教育梦@9wo de jiao yu meng@e班主任的教育智慧@f段云成著 |
| 210 | @a北京@c光明日报出版社@d2016 | |
| 215 | @a11,251页@d24cm | |
| 225 | 1 | @a名师名校名校长书系 |
| 330 | @a本书从作者亲身教育实践出发,总结了班主任日常工作中碰到的问题,并提出了解决办法,展现了名师工作室的教育成果,也是对年轻班主任老师的一种经验的传授。包括教师之梦——做一个智慧的班主任、引导学生——做一个专业的班主任、走进学生心灵——做一个温暖的班主任、转换思路做教育——做一个创新的班主任等。 | |
| 461 | 0 | @12001 @a名师名校名校长书系 |
| 517 | 1 | @a班主任的教育智慧@9ban zhu ren de jiao yu zhi hui |
| 606 | 0 | @a中学@x班主任工作@j文集 |
| 690 | @aG635.16-53@v5 | |
| 701 | 0 | @a段云成@9duan yun cheng@4著 |
| 801 | 0 | @aCN@b江苏凤凰@c20191020 |
| 905 | @b1225670-3@dG635.16-53@e1456@f4 | |
| 我的教育梦:班主任的教育智慧/段云成著.-北京:光明日报出版社,2016 |
| 11,251页;24cm.-(名师名校名校长书系) |
| ISBN 978-7-5194-0197-9:CNY36.00 |
| 本书从作者亲身教育实践出发,总结了班主任日常工作中碰到的问题,并提出了解决办法,展现了名师工作室的教育成果,也是对年轻班主任老师的一种经验的传授。包括教师之梦——做一个智慧的班主任、引导学生——做一个专业的班主任、走进学生心灵——做一个温暖的班主任、转换思路做教育——做一个创新的班主任等。 |
| ● |
| 相关链接 |
|
|
|
|
正题名:我的教育梦
索取号:G635.16-53/1456
 
预约/预借
| 序号 | 登录号 | 条形码 | 馆藏地/架位号 | 状态 | 备注 |
| 1 | 1225670 | 212256707 | 第一样本阅览室/ [索取号:G635.16-53/1456] | 在馆 | |
| 2 | 1225671 | 212256716 | 教育系资料室/ [索取号:G635.16-53/1456] | 在馆 | |
| 3 | 1225672 | 212256725 | 教育系资料室/ [索取号:G635.16-53/1456] | 在馆 | |
| 4 | 1225673 | 212256734 | 第四借阅区/ [索取号:G635.16-53/1456] | 在馆 |